| 000 | 00000nam##2200000za#4500 |
| 001 | 9.601253 |
| 003 | CaOODSP |
| 005 | 20210624210002 |
| 007 | cr ||||||||||| |
| 008 | 150406|2000||||xxc|||||o f|0| 0 fre|d |
| 040 | |aCaOODSP|bfre |
| 043 | |an-cn--- |
| 086 | 1 |aC21-24/31-2000F-PDF |
| 110 | 1 |aCanada.|bIndustrie Canada. |bDirection de l'analyse micro-économique. |
| 245 | 10|aLes entreprises manufacturières sous contrôle canadien sont-elles moins productives que leurs concurrentes sous contrôle étranger? / |h[ressource électronique]|cpar Someshwar Rao et Jianmin Tang. |
| 260 | |aOttawa - Ontario : |bIndustrie Canada. |cFévrier 2000. |
| 300 | |a43p.|btableaux |
| 490 | 1 |aSérie de document de travail|vN° 31 |
| 500 | |aLe nº de catalogue (C21-24/31-2000) et l'ISBN (0-662-646683-1) de l'édition imprimée bilingue ont été incorrectement copiés dans cette édition électronique. |
| 504 | |aBibliographie. |
| 590 | |a12-12-Supp|b2012-03-28 |
| 720 | 1 |aRao, Someshwar |
| 720 | 1 |aTang, Jianmin |
| 775 | 08|tAre Canadian-controlled manufacturing firms less productive than their foreign-controlled counterparts? / |w(CaOODSP)9.570604 |
| 776 | 0#|tAre Canadian-controlled manufacturing firms less productive than their foreign-controlled counterparts? / |w(CaOODSP)9.533494 |
| 776 | 0#|tLes entreprises manufacturières sous contrôle canadien sont-elles moins productives que leurs concurrentes sous contrôle étranger? / |w(CaOODSP)9.533495 |
| 830 | #0|aSérie de document de travail ;|vN° 31|w(CaOODSP)9.501123 |
| 856 | 40|ahttp://publications.gc.ca|qPDF|s218 Ko|uhttps://publications.gc.ca/collections/Collection/C21-24-31-2000F.pdf|yN° 31 |